Dragon Ball Volume 1 Manga Quiz - Statistics

General Stats
  • This quiz has been taken 312 times
    311 since last reset
  • The average score is 11 of 29
Answer Stats
Hint Answer % Correct
How many dragon balls are there? Seven
100%
The dragon ball that Goku received from his grandfather has how many stars? Four
99%
Who did Goku live with before this person dies? Grandfather
78%
What was the name of the above? Son Gohan
75%
Goku has which type of animal's tail? Monkey
72%
How old does Goku think he is? Fourteen
64%
What is Oolong's true form? Pig
62%
Which type of animal lead Goku and Bulma to the ocean? Sea turtle
60%
After finding all seven dragon balls, Bulma wants to wish for a what? Boyfriend
55%
Before pursuing Goku, Bulma, and Oolong, Yamcha is a bandit who lives in the... Desert
44%
Yamcha is afraid of what? Girls
41%
Goku's weakness is his what? Tail
39%
Oolong can only shapeshift for how long before needing to rest? Five minutes
38%
Oolong gives Bulma which type of outfit to wear? Bunny
30%
What is the name of Kame Sennin's signature move? Kamehameha
29%
What is the name of the magical cloud that Goku receives? Kinto'un
26%
What is the name of Goku's magical staff? Nyoibō
24%
What building is at the top of Frypan mountain? Castle
22%
Oolong and Pu'ar know each other from which type of school? Shapeshifting
20%
What is chasing Chichi when Yamcha encounters her? Dinosaur
19%
During the above, Oolong was Pu'ar's what? Bully
17%
Bulma gives Oolong which type of food (actually one of her inventions) in order to blackmail him into working with her and Goku? Candy
17%
The small objects that store things like houses, vehicles, and food for easy portability are called ______ capsules. Hoipoi
17%
After finding out Goku is not the girl he his after, Oolong transforms into a what in order to chase him? Bull
15%
Kame Sennin is also called what? Muten Rōshi
15%
Gyūmao tells Goku that Chichi can be his what? Bride
10%
Bulma has to say what in order to get the above to work? Sweee
7%
Yamcha dreams of what? Getting married
6%
Goku has to borrow what from Kame Sennin in order to put out the fire on Frypan Mountain? Bashōsen
2%
No matching quizzes found
Score Distribution
Percent of People with Each Score
Percentile by Number Answered
Your Score History
You have not taken this quiz since the last reset